000 01426cam a22003014a 4500
001 13319997
005 20050713080935.0
008 030821s2004 nyua |rb 001 0 eng
010 _a 2003061575
020 _a0071402012
040 _aDLC
_cDLC
_dDLC
042 _apcc
050 0 0 _aTA684
_b.N435 2004
082 0 0 _a693.7
_222
_bNEW
100 1 _aNewman, Alexander,
_d1955-
_912354
245 1 0 _aMetal Building Systems :
_bDesign and Specifications /
_cAlexander Newman.
250 _a2nd ed.
260 _aNew York :
_bMcGraw-Hill, 2004
_cc2004.
300 _ax, 576 p. :
_bill. ;
_c24 cm.
504 _aIncludes bibliographical references and index.
650 0 _aBuilding, Iron and steel.
_912355
856 4 2 _3Contributor biographical information
_uhttp://www.loc.gov/catdir/bios/mh041/2003061575.html
856 4 1 _3Table of contents
_uhttp://www.loc.gov/catdir/toc/mh041/2003061575.html
942 _2ddc
_cNB
999 _c13607
_d13607